000 01162nam2a2200289 4500
001 RU\NLR\BIBL_A\011698359
005 20180528110405.0
010 _a978-5-9500485-5-5
021 _aRU
_bКН-П-18-024705
_9КН-П-18-1803
035 _a(NLR Aleph) 011698359
035 _a(RuMoRGB)009592247
090 _a11375716
_c11375716
100 _a20180514d2018 u y0rusy50 ca
101 0 _arus
102 _aRU
105 _aa b 000 y
200 1 _a1918-2018
210 _d[2018]
215 _a122 с.
_cил., цв. ил.
300 _aЗагл. обл.: Каталог монет СССР и России, 1918-2020
461 0 _1001RU\NLR\BIBL_A\011011011
_12001#$aКаталог монет СССР и России$fCoins Moscow.[ru$gГусев Савелий Олегович]$v[2018, май, вып. 10]
_911023497
_cМосква
_d2016]
_fCoins Moscow.[ru
_n[б. и.
_tКаталог монет СССР и России
_v[2018, май, вып. 10]
512 1 _aКаталог монет СССР и России, 1918-2020
852 _aNLR
_j2015-3/40630
942 _cBOOK
980 _aNB